Officia de SS. eucharistiae sacramento, et de Conceptione Beatiss. Virginis cum eorum octavariis juxta ritum Breviarii romani

Detalles Bibliográficos
Formato: Libro
Publicado: Nápoles 1715
Materias:
Colección:Banco de datos
Acervo:Biblioteca del Ex Convento de Nuestra Señora de Guadalupe. Zacatecas
Tema general:Liturgia
Notas:Buena. X,10,47(3334). Sin marca de fuego
LEADER 00714nam a22001810004500
035 |a 42385 
036 |a 3569 
245 1 0 |a Officia de SS. eucharistiae sacramento, et de Conceptione Beatiss. Virginis cum eorum octavariis juxta ritum Breviarii romani 
260 |a Nápoles  |b Felicis Mosca  |c 1715 
500 |a Buena. X,10,47(3334). Sin marca de fuego 
650 1 0 |a Liturgia 
949 |a CRZ-CG 
959 |a Ex convento de Nuestra Señora de Guadalupe, Museo Regional de Zacatecas, Zacatecas  |b CCC4 
960 |a Convento de Nuestra Señora de Guadalupe, Zacatecas  |b DD87 
961 |a Franciscana  |b OF 
942 |c CRZ-CG 
943 |g Biblioteca del Ex Convento de Nuestra Señora de Guadalupe. Zacatecas 
999 |c 966512  |d 966512